| 000 | 00851nam a2200205 a 4500 | ||
|---|---|---|---|
| 003 | 0 | ||
| 005 | 20250422082156.0 | ||
| 008 | 030520s19uu xx 00 eng d | ||
| 050 |
_aPGS HQ 755.85 _b.P985 2003 |
||
| 100 | _aPurificacion, Karla Yasmin F. | ||
| 245 |
_aPerceptions of grade 5 and 6 students of Southville International School with expatriate parents / _cKarla Yasmin F. Purification. |
||
| 260 |
_aLas PiƱas City, Philippines : _bSouthville International School and Colleges, _c2003. |
||
| 300 |
_a26 pages : _bcolored illustrations ; _c28 cm. |
||
| 504 | _aIncludes bibliographical references. | ||
| 650 |
_aChildren of expatriates _vEducation . |
||
| 650 |
_aExpatriate families _vPsychological aspects. |
||
| 650 |
_aChildren of foreign workers _zPhilippines |
||
| 650 | _aAdjustment (Psychology) in children. | ||
| 942 |
_2lcc _cPASS |
||
| 999 |
_c96913 _d96913 |
||